Guess The Candy - Statistics

General Stats
  • This quiz has been taken 120 times
  • The average score is 11 of 15
Answer Stats
Picture Answer % Correct
kit kat
96%
gum
90%
candy corn
89%
reese
89%
skittles
85%
gummy bear
84%
candy cane
81%
twix
80%
m&m
77%
lollipop
71%
snicker
69%
life saver
67%
gummy worms
40%
laffy taffy
36%
fudge
18%
No matching quizzes found
Score Distribution
Percent of People with Each Score
Percentile by Number Answered
Your Score History
You have not taken this quiz